[Event "World Chess Olympiad 2018"]
[Site "Batumi"]
[Date "2018.09.28"]
[Round "5"]
[Board "3"]
[WhiteFideId "5018471"]
[White "Adhiban B."]
[BlackFideId "3701166"]
[Black "Almiron Antonio"]
[Result "1-0"]
[LiveChessVersion "1.4.8"]
[BlackElo "2358"]
[WhiteElo "2668"]

1. e4 {[%clk 1:30:57]} e5 {[%clk 1:30:55]} 2. Nf3 {[%clk 1:31:19]} Nc6
{[%clk 1:31:17]} 3. Bb5 {[%clk 1:31:45]} a6 {[%clk 1:31:31]} 4. Ba4
{[%clk 1:32:11]} Nf6 {[%clk 1:31:56]} 5. O-O {[%clk 1:32:29]} b5 {[%clk 1:32:19]}
6. Bb3 {[%clk 1:32:55]} Bc5 {[%clk 1:32:43]} 7. a4 {[%clk 1:26:04]} Rb8
{[%clk 1:32:32]} 8. Nxe5 {[%clk 1:26:27]} Nxe5 {[%clk 1:32:46]} 9. d4 Bxd4
{[%clk 1:32:59]} 10. Qxd4 {[%clk 1:27:25]} d6 {[%clk 1:33:22]} 11. Bf4
{[%clk 1:26:20]} c5 {[%clk 1:25:11]} 12. Qe3 {[%clk 1:26:45]} c4 {[%clk 1:25:37]}
13. Ba2 {[%clk 1:27:08]} O-O {[%clk 1:25:42]} 14. axb5 {[%clk 1:18:34]} axb5
{[%clk 1:25:30]} 15. Nc3 {[%clk 1:18:48]} b4 {[%clk 1:17:43]} 16. Nd5
{[%clk 0:55:47]} Nxd5 {[%clk 1:11:25]} 17. exd5 {[%clk 0:56:14]} Re8
{[%clk 1:05:29]} 18. Qa7 {[%clk 0:51:16]} Rb7 {[%clk 0:50:28]} 19. Qd4
{[%clk 0:49:34]} b3 {[%clk 0:46:16]} 20. cxb3 {[%clk 0:45:46]} cxb3
{[%clk 0:46:36]} 21. Bb1 {[%clk 0:46:11]} Qf6 {[%clk 0:45:28]} 22. Qe4
{[%clk 0:40:45]} g6 {[%clk 0:43:28]} 23. Bd2 {[%clk 0:37:39]} Bd7
{[%clk 0:33:59]} 24. Bc3 {[%clk 0:36:25]} Bb5 {[%clk 0:27:41]} 25. Re1
{[%clk 0:29:26]} Rbe7 {[%clk 0:24:38]} 26. Re3 {[%clk 0:28:30]} Qg5
{[%clk 0:20:51]} 27. f4 {[%clk 0:22:15]} f5 {[%clk 0:20:33]} 28. Qb4
{[%clk 0:20:20]} Qh6 {[%clk 0:18:47]} 29. h3 {[%clk 0:08:09]} Nc4
{[%clk 0:14:41]} 30. Rxe7 {[%clk 0:08:02]} Rxe7 {[%clk 0:15:10]} 31. Qxb5
{[%clk 0:03:52]} Qxf4 {[%clk 0:15:39]} 32. Bd3 {[%clk 0:03:50]} Qe3+
{[%clk 0:15:26]} 33. Kh2 {[%clk 0:04:11]} Qxd3 {[%clk 0:14:23]} 34. Ra8+
{[%clk 0:04:27]} Kf7 {[%clk 0:14:51]} 35. Qb8 {[%clk 0:04:46]} 1-0

[Event "World Chess Olympiad 2018"]
[Site "Batumi"]
[Date "2018.09.28"]
[Round "5"]
[Board "4"]
[WhiteFideId "3700305"]
[White "Jodorcovsky Werjivker Paulo"]
[BlackFideId "5004985"]
[Black "Sasikiran Krishnan"]
[Result "0-1"]
[LiveChessVersion "1.4.8"]
[BlackElo "2672"]
[WhiteElo "2275"]

1. d4 {[%clk 1:30:56]} Nf6 {[%clk 1:30:49]} 2. c4 {[%clk 1:31:23]} g6
{[%clk 1:31:08]} 3. Nc3 {[%clk 1:31:47]} Bg7 {[%clk 1:31:27]} 4. e4
{[%clk 1:32:08]} d6 {[%clk 1:31:47]} 5. f4 {[%clk 1:32:34]} O-O {[%clk 1:23:32]}
6. Nf3 {[%clk 1:32:58]} c5 {[%clk 1:17:03]} 7. d5 {[%clk 1:33:22]} e6
{[%clk 1:13:18]} 8. dxe6 {[%clk 1:33:47]} fxe6 {[%clk 1:08:07]} 9. Bd3
{[%clk 1:30:18]} Nc6 {[%clk 1:04:43]} 10. O-O {[%clk 1:30:41]} Nd4
{[%clk 1:01:15]} 11. Bd2 {[%clk 1:31:05]} a6 {[%clk 0:55:32]} 12. Ng5
{[%clk 1:29:48]} e5 {[%clk 0:43:32]} 13. f5 {[%clk 1:29:55]} h6 {[%clk 0:42:43]}
14. Nf3 {[%clk 1:29:23]} gxf5 {[%clk 0:38:42]} 15. exf5 {[%clk 1:29:47]} b5
{[%clk 0:37:04]} 16. Nxd4 {[%clk 1:22:50]} cxd4 {[%clk 0:34:42]} 17. Ne4
{[%clk 1:10:49]} bxc4 {[%clk 0:29:54]} 18. Bxc4+ {[%clk 1:11:05]} d5
{[%clk 0:29:27]} 19. Qf3 {[%clk 1:02:33]} Bb7 {[%clk 0:25:54]} 20. Nxf6+
{[%clk 0:52:55]} Rxf6 {[%clk 0:26:04]} 21. Bb3 {[%clk 0:53:15]} a5
{[%clk 0:24:28]} 22. a4 {[%clk 0:48:09]} Rf7 {[%clk 0:18:42]} 23. Qh3
{[%clk 0:42:51]} Ra6 {[%clk 0:13:41]} 24. Rac1 {[%clk 0:37:02]} e4
{[%clk 0:12:45]} 25. Bf4 {[%clk 0:31:40]} d3 {[%clk 0:11:26]} 26. Kh1
{[%clk 0:26:32]} Qf6 {[%clk 0:07:05]} 27. Bd1 {[%clk 0:18:34]} Qxf5
{[%clk 0:05:57]} 28. Bg4 {[%clk 0:18:47]} Qxf4 {[%clk 0:06:13]} 29. Rxf4
{[%clk 0:19:10]} Rxf4 {[%clk 0:06:39]} 30. Be6+ {[%clk 0:09:06]} Kh8
{[%clk 0:05:24]} 31. g3 {[%clk 0:03:03]} d2 {[%clk 0:05:23]} 32. Rd1
{[%clk 0:03:01]} e3 {[%clk 0:05:26]} 33. Qh5 {[%clk 0:01:02]} Rxe6
{[%clk 0:05:16]} 34. gxf4 {[%clk 0:01:26]} d4+ {[%clk 0:05:25]} 35. Kg1
{[%clk 0:01:52]} e2 {[%clk 0:05:51]} 0-1

[Event "World Chess Olympiad 2018"]
[Site "Batumi"]
[Date "2018.09.28"]
[Round "5"]
[Board "1"]
[WhiteFideId "1710400"]
[White "Grandelius Nils"]
[BlackFideId "6302718"]
[Black "Yilmaz Mustafa"]
[Result "1/2-1/2"]
[LiveChessVersion "1.4.8"]
[BlackElo "2633"]
[WhiteElo "2655"]

1. Nf3 {[%clk 1:30:37]} d5 {[%clk 1:30:25]} 2. d4 {[%clk 1:30:15]} Nf6
{[%clk 1:28:23]} 3. c4 {[%clk 1:30:18]} e6 {[%clk 1:28:47]} 4. Nc3
{[%clk 1:30:11]} Be7 {[%clk 1:29:12]} 5. Bg5 {[%clk 1:29:22]} h6 {[%clk 1:29:21]}
6. Bh4 {[%clk 1:29:41]} O-O {[%clk 1:29:23]} 7. e3 {[%clk 1:29:46]} Nbd7
{[%clk 1:29:10]} 8. Rc1 {[%clk 1:28:22]} c5 {[%clk 1:28:41]} 9. dxc5
{[%clk 1:27:27]} Nxc5 {[%clk 1:27:12]} 10. cxd5 {[%clk 1:26:58]} g5
{[%clk 1:27:05]} 11. Bg3 {[%clk 1:27:19]} Nxd5 {[%clk 1:27:28]} 12. Nxd5
{[%clk 1:26:59]} Qxd5 {[%clk 1:27:47]} 13. Qxd5 {[%clk 1:27:22]} exd5
{[%clk 1:28:15]} 14. Nd4 {[%clk 1:25:00]} Bd7 {[%clk 1:18:26]} 15. Be2
{[%clk 1:16:27]} Rac8 {[%clk 1:12:19]} 16. O-O {[%clk 1:16:33]} Ne4
{[%clk 1:11:47]} 17. Bd3 {[%clk 0:51:18]} Nxg3 {[%clk 0:52:25]} 18. hxg3
{[%clk 0:50:01]} Bf6 {[%clk 0:52:15]} 19. Bf5 {[%clk 0:34:13]} Bxd4
{[%clk 0:51:00]} 20. Bxd7 {[%clk 0:34:37]} Rxc1 {[%clk 0:51:11]} 21. Rxc1
{[%clk 0:35:02]} Be5 {[%clk 0:50:59]} 22. b3 {[%clk 0:30:05]} Rd8
{[%clk 0:48:31]} 23. Rc8 {[%clk 0:24:42]} Rxc8 {[%clk 0:48:55]} 24. Bxc8
{[%clk 0:25:08]} b6 {[%clk 0:49:18]} 25. g4 {[%clk 0:25:34]} d4 {[%clk 0:49:44]}
26. exd4 {[%clk 0:26:01]} Bxd4 {[%clk 0:50:11]} 27. Kf1 {[%clk 0:26:25]} Kf8
{[%clk 0:50:38]} 28. Ke2 {[%clk 0:26:50]} Ke7 {[%clk 0:51:06]} 29. f3
{[%clk 0:27:15]} a5 {[%clk 0:51:34]} 30. a4 {[%clk 0:27:40]} Bc5 {[%clk 0:51:59]}
31. Ba6 {[%clk 0:28:06]} 1/2-1/2

[Event "World Chess Olympiad 2018"]
[Site "Batumi"]
[Date "2018.09.28"]
[Round "5"]
[Board "2"]
[WhiteFideId "916811"]
[White "Solak Dragan"]
[BlackFideId "1700812"]
[Black "Hillarp Persson Tiger"]
[Result "1/2-1/2"]
[LiveChessVersion "1.4.8"]
[BlackElo "2544"]
[WhiteElo "2609"]

1. e4 {[%clk 1:30:56]} e6 {[%clk 1:30:54]} 2. d4 {[%clk 1:30:05]} d5
{[%clk 1:31:17]} 3. Nd2 {[%clk 1:30:20]} Be7 {[%clk 1:31:40]} 4. c3
{[%clk 1:23:59]} c5 {[%clk 1:22:31]} 5. e5 {[%clk 1:24:19]} cxd4 {[%clk 1:21:23]}
6. cxd4 {[%clk 1:24:44]} Qb6 {[%clk 1:21:43]} 7. Ndf3 {[%clk 1:21:12]} Bb4+
{[%clk 1:20:31]} 8. Bd2 {[%clk 1:21:14]} Nc6 {[%clk 1:20:49]} 9. Bxb4
{[%clk 1:15:52]} Qxb4+ {[%clk 1:19:44]} 10. Qd2 {[%clk 1:16:19]} Nh6
{[%clk 1:11:00]} 11. Bd3 {[%clk 1:07:58]} f6 {[%clk 1:03:44]} 12. Ne2
{[%clk 0:53:06]} Qxd2+ {[%clk 0:50:42]} 13. Kxd2 {[%clk 0:52:20]} Bd7
{[%clk 0:29:18]} 14. Rhe1 {[%clk 0:22:26]} O-O {[%clk 0:28:19]} 15. exf6
{[%clk 0:19:48]} Rxf6 {[%clk 0:26:49]} 16. h3 {[%clk 0:18:53]} Raf8
{[%clk 0:22:49]} 17. Bb5 {[%clk 0:15:58]} Rxf3 {[%clk 0:22:29]} 18. gxf3
{[%clk 0:16:20]} Rxf3 {[%clk 0:22:53]} 19. Bxc6 {[%clk 0:16:23]} bxc6
{[%clk 0:22:51]} 20. Ng3 {[%clk 0:14:43]} Rxf2+ {[%clk 0:22:56]} 21. Ke3
{[%clk 0:14:24]} Rxb2 {[%clk 0:20:37]} 22. Reb1 {[%clk 0:10:26]} Rh2
{[%clk 0:15:25]} 23. Rh1 {[%clk 0:10:25]} Rb2 {[%clk 0:14:41]} 24. Rhb1
{[%clk 0:10:47]} Rh2 {[%clk 0:14:41]} 25. Rh1 {[%clk 0:10:45]} Rb2
{[%clk 0:14:55]} 26. Rhb1 {[%clk 0:11:05]} 1/2-1/2

[Event "World Chess Olympiad 2018"]
[Site "Batumi"]
[Date "2018.09.28"]
[Round "5"]
[Board "3"]
[WhiteFideId "1706446"]
[White "Tikkanen Hans"]
[BlackFideId "6300014"]
[Black "Dastan Muhammed Batuhan"]
[Result "0-1"]
[LiveChessVersion "1.4.8"]
[BlackElo "2569"]
[WhiteElo "2520"]

1. d4 {[%clk 1:30:57]} d5 {[%clk 1:30:54]} 2. Bf4 {[%clk 1:31:07]} c5
{[%clk 1:31:12]} 3. e3 {[%clk 1:29:32]} cxd4 {[%clk 1:31:36]} 4. exd4
{[%clk 1:29:56]} Nc6 {[%clk 1:31:56]} 5. c3 {[%clk 1:28:10]} Bf5 {[%clk 1:32:10]}
6. Nf3 {[%clk 1:16:10]} e6 {[%clk 1:32:30]} 7. Bd3 {[%clk 1:11:35]} Bxd3
{[%clk 1:30:33]} 8. Qxd3 {[%clk 1:12:01]} Bd6 {[%clk 1:30:42]} 9. Bxd6
{[%clk 1:08:40]} Qxd6 {[%clk 1:31:06]} 10. Nbd2 {[%clk 1:09:01]} Nge7
{[%clk 1:27:03]} 11. O-O {[%clk 1:07:36]} f6 {[%clk 1:12:26]} 12. Rfe1
{[%clk 1:01:20]} Kf7 {[%clk 1:11:28]} 13. b4 {[%clk 0:59:11]} b6 {[%clk 1:00:20]}
14. a4 {[%clk 0:56:18]} g5 {[%clk 0:56:08]} 15. a5 {[%clk 0:29:52]} Ng6
{[%clk 0:46:09]} 16. Nb3 {[%clk 0:25:07]} Nce7 {[%clk 0:43:37]} 17. Qa6
{[%clk 0:18:37]} Qc6 {[%clk 0:37:46]} 18. Rec1 {[%clk 0:14:35]} Nf4
{[%clk 0:30:46]} 19. g3 {[%clk 0:14:08]} Qc4 {[%clk 0:30:38]} 20. Qxc4
{[%clk 0:13:05]} dxc4 {[%clk 0:31:00]} 21. gxf4 {[%clk 0:11:53]} cxb3
{[%clk 0:31:19]} 22. Rcb1 {[%clk 0:11:12]} g4 {[%clk 0:24:20]} 23. Nd2
{[%clk 0:08:47]} Nd5 {[%clk 0:24:48]} 24. Rxb3 {[%clk 0:03:19]} Nxf4
{[%clk 0:24:24]} 25. b5 {[%clk 0:03:09]} Rhd8 {[%clk 0:22:21]} 26. f3
{[%clk 0:00:59]} Rac8 {[%clk 0:18:19]} 27. axb6 {[%clk 0:00:47]} axb6
{[%clk 0:18:41]} 28. Kf2 {[%clk 0:00:53]} Nd5 {[%clk 0:17:11]} 29. Raa3
{[%clk 0:00:36]} h5 {[%clk 0:17:08]} 30. Kg3 {[%clk 0:00:33]} f5 {[%clk 0:16:44]}
31. fxg4 {[%clk 0:00:38]} hxg4 {[%clk 0:16:43]} 32. c4 {[%clk 0:00:42]} Nf6
{[%clk 0:16:50]} 33. d5 {[%clk 0:00:33]} exd5 {[%clk 0:16:31]} 34. cxd5
{[%clk 0:00:40]} Rxd5 {[%clk 0:16:55]} 35. Nf1 {[%clk 0:00:37]} Rc2
{[%clk 0:11:47]} 36. h3 {[%clk 0:00:37]} f4+ {[%clk 0:11:29]} 37. Kxf4
{[%clk 0:00:51]} Rf2+ {[%clk 0:11:54]} 38. Kg3 {[%clk 0:01:19]} Rxf1
{[%clk 0:11:34]} 39. hxg4 {[%clk 0:01:00]} Rg1+ {[%clk 0:11:37]} 40. Kf3
{[%clk 0:30:51]} Rxg4 {[%clk 0:41:39]} 41. Ra7+ {[%clk 0:27:10]} Kg6
{[%clk 0:41:59]} 42. Rb7 {[%clk 0:27:07]} Rf5+ {[%clk 0:42:18]} 43. Ke2
{[%clk 0:27:24]} Rg2+ {[%clk 0:42:21]} 44. Ke1 {[%clk 0:27:51]} Nd5
{[%clk 0:42:26]} 45. Rh3 {[%clk 0:27:54]} Rg1+ {[%clk 0:42:19]} 46. Kd2
{[%clk 0:27:42]} Rf2+ {[%clk 0:42:32]} 47. Kd3 {[%clk 0:27:59]} Nf4+
{[%clk 0:42:45]} 48. Kd4 {[%clk 0:28:12]} Nxh3 {[%clk 0:42:37]} 49. Rxb6+
{[%clk 0:28:35]} Kf5 {[%clk 0:42:48]} 50. Rh6 {[%clk 0:28:43]} Nf4
{[%clk 0:42:44]} 51. b6 {[%clk 0:29:06]} Rc2 {[%clk 0:43:01]} 52. b7
{[%clk 0:29:22]} Rd1+ {[%clk 0:43:22]} 53. Ke3 {[%clk 0:29:48]} Rd3# 0-1

[Event "World Chess Olympiad 2018"]
[Site "Batumi"]
[Date "2018.09.28"]
[Round "5"]
[Board "4"]
[WhiteFideId "6300545"]
[White "Sanal Vahap"]
[BlackFideId "1701754"]
[Black "Westerberg Jonathan"]
[Result "1/2-1/2"]
[LiveChessVersion "1.4.8"]
[BlackElo "2504"]
[WhiteElo "2502"]

1. e4 {[%clk 1:30:56]} e5 {[%clk 1:30:35]} 2. Nf3 {[%clk 1:31:18]} Nf6
{[%clk 1:30:45]} 3. Nxe5 {[%clk 1:31:39]} d6 {[%clk 1:31:06]} 4. Nf3
{[%clk 1:32:06]} Nxe4 {[%clk 1:31:23]} 5. Nc3 {[%clk 1:32:02]} Nxc3
{[%clk 1:31:35]} 6. dxc3 {[%clk 1:32:25]} Be7 {[%clk 1:31:36]} 7. Be3
{[%clk 1:32:47]} Nc6 {[%clk 1:30:37]} 8. Bc4 {[%clk 1:33:08]} Be6
{[%clk 1:26:47]} 9. Bxe6 {[%clk 1:33:28]} fxe6 {[%clk 1:27:14]} 10. Qd2
{[%clk 1:33:12]} O-O {[%clk 1:24:19]} 11. h4 {[%clk 1:33:34]} Qe8
{[%clk 1:20:55]} 12. O-O-O {[%clk 1:25:08]} Qf7 {[%clk 1:17:15]} 13. Qd3
{[%clk 1:20:45]} Qf5 {[%clk 1:08:33]} 14. Ng5 {[%clk 1:13:56]} Bxg5
{[%clk 1:03:03]} 15. hxg5 {[%clk 1:14:05]} Qxd3 {[%clk 1:02:17]} 16. cxd3
{[%clk 1:14:13]} Ne7 {[%clk 1:00:02]} 17. Rh3 {[%clk 1:02:30]} Nd5
{[%clk 0:53:25]} 18. Rdh1 {[%clk 0:41:50]} Nxe3 {[%clk 0:53:17]} 19. fxe3
{[%clk 0:39:26]} Rf5 {[%clk 0:53:23]} 20. Rxh7 {[%clk 0:38:52]} Kf7
{[%clk 0:53:19]} 21. Rh8 {[%clk 0:34:10]} Rxh8 {[%clk 0:53:42]} 22. Rxh8
{[%clk 0:34:36]} Ke7 {[%clk 0:53:49]} 23. Ra8 {[%clk 0:29:42]} a6
{[%clk 0:46:23]} 24. Ra7 {[%clk 0:26:02]} Rxg5 {[%clk 0:46:34]} 25. Rxb7
{[%clk 0:26:26]} Kd7 {[%clk 0:46:46]} 26. Ra7 {[%clk 0:15:31]} Rg3
{[%clk 0:37:10]} 27. Rxa6 {[%clk 0:15:44]} Rxe3 {[%clk 0:37:28]} 28. Kd2
{[%clk 0:15:09]} Rg3 {[%clk 0:37:50]} 29. b4 {[%clk 0:15:30]} Rxg2+
{[%clk 0:37:28]} 30. Ke3 {[%clk 0:15:52]} Kc8 {[%clk 0:34:54]} 31. b5
{[%clk 0:09:41]} Kb7 {[%clk 0:34:07]} 32. a4 {[%clk 0:09:46]} Ra2
{[%clk 0:17:17]} 33. c4 {[%clk 0:10:03]} g5 {[%clk 0:15:29]} 34. c5
{[%clk 0:10:21]} dxc5 {[%clk 0:09:09]} 35. Rxe6 {[%clk 0:10:43]} Rxa4
{[%clk 0:08:38]} 36. Rc6 {[%clk 0:11:06]} Ra8 {[%clk 0:06:03]} 37. Rxc5
{[%clk 0:11:00]} Rg8 {[%clk 0:06:18]} 38. Rd5 {[%clk 0:10:31]} g4
{[%clk 0:06:20]} 39. Kf2 {[%clk 0:10:57]} g3+ {[%clk 0:06:30]} 40. Kg2
{[%clk 0:41:26]} Kb6 {[%clk 0:36:21]} 41. Re5 {[%clk 0:40:01]} Rg6
{[%clk 0:31:30]} 42. Re3 {[%clk 0:39:18]} Kxb5 {[%clk 0:31:36]} 43. Rxg3
{[%clk 0:39:44]} Rxg3+ {[%clk 0:30:54]} 44. Kxg3 {[%clk 0:40:09]} Kc5
{[%clk 0:31:17]} 45. Kf3 {[%clk 0:40:34]} Kd4 {[%clk 0:31:42]} 46. Ke2
{[%clk 0:41:03]} c5 {[%clk 0:32:02]} 47. Kd2 {[%clk 0:41:31]} c4 {[%clk 0:32:25]}
48. dxc4 {[%clk 0:41:58]} Kxc4 1/2-1/2

[Event "World Chess Olympiad 2018"]
[Site "Batumi"]
[Date "2018.09.28"]
[Round "5"]
[Board "1"]
[WhiteFideId "3405400"]
[White "Morovic Fernandez Ivan"]
[BlackFideId "12401137"]
[Black "Le Quang Liem"]
[Result "1/2-1/2"]
[LiveChessVersion "1.4.8"]
[BlackElo "2715"]
[WhiteElo "2501"]

1. d4 {[%clk 1:30:55]} Nf6 {[%clk 1:30:52]} 2. c4 {[%clk 1:31:19]} e6
{[%clk 1:31:15]} 3. Nc3 {[%clk 1:31:27]} Bb4 {[%clk 1:31:35]} 4. Qc2
{[%clk 1:31:41]} d5 {[%clk 1:30:57]} 5. cxd5 {[%clk 1:31:11]} Qxd5
{[%clk 1:31:19]} 6. e3 {[%clk 1:30:49]} c5 {[%clk 1:25:21]} 7. a3
{[%clk 1:29:29]} Bxc3+ {[%clk 1:25:22]} 8. bxc3 {[%clk 1:29:46]} O-O
{[%clk 1:25:24]} 9. Nf3 {[%clk 1:30:14]} b6 {[%clk 1:24:49]} 10. c4
{[%clk 1:29:01]} Qc6 {[%clk 1:16:10]} 11. Bb2 {[%clk 1:26:12]} Bb7
{[%clk 1:12:23]} 12. Be2 {[%clk 1:21:55]} Nbd7 {[%clk 1:09:16]} 13. O-O
{[%clk 1:21:23]} cxd4 {[%clk 1:08:57]} 14. exd4 {[%clk 1:21:08]} Rfd8
{[%clk 1:09:08]} 15. Rfe1 {[%clk 1:10:26]} Rac8 {[%clk 1:05:37]} 16. Rac1
{[%clk 1:08:26]} h6 {[%clk 1:05:42]} 17. Qb3 {[%clk 1:05:48]} Nf8
{[%clk 1:00:06]} 18. Bf1 {[%clk 0:58:17]} Ng6 {[%clk 0:59:48]} 19. h3
{[%clk 0:50:45]} Rc7 {[%clk 0:49:40]} 20. Ne5 {[%clk 0:42:36]} Nxe5
{[%clk 0:50:00]} 21. Rxe5 {[%clk 0:43:03]} Qd6 {[%clk 0:32:42]} 22. Ree1
{[%clk 0:41:59]} Ne4 {[%clk 0:29:05]} 23. Qe3 {[%clk 0:38:19]} f5
{[%clk 0:27:29]} 24. f3 {[%clk 0:29:51]} f4 {[%clk 0:27:16]} 25. Qd3
{[%clk 0:28:49]} Ng3 {[%clk 0:26:43]} 26. Qg6 {[%clk 0:27:16]} Nxf1
{[%clk 0:23:41]} 27. Rxe6 {[%clk 0:25:00]} Qf8 {[%clk 0:23:57]} 28. Rxf1
{[%clk 0:21:48]} Qf7 {[%clk 0:18:09]} 29. Qxf7+ {[%clk 0:15:36]} Kxf7
{[%clk 0:18:20]} 30. Rfe1 {[%clk 0:15:09]} Bc8 {[%clk 0:16:52]} 31. R6e4
{[%clk 0:12:51]} g5 {[%clk 0:17:14]} 32. d5 {[%clk 0:11:55]} Bf5 {[%clk 0:16:49]}
33. Rd4 {[%clk 0:06:29]} Re8 {[%clk 0:16:18]} 34. Rxe8 {[%clk 0:04:43]} Kxe8
{[%clk 0:16:46]} 35. h4 {[%clk 0:04:20]} 1/2-1/2

[Event "World Chess Olympiad 2018"]
[Site "Batumi"]
[Date "2018.09.28"]
[Round "5"]
[Board "2"]
[WhiteFideId "12401110"]
[White "Nguyen Ngoc Truong Son"]
[BlackFideId "3409350"]
[Black "Henriquez Villagra Cristobal"]
[Result "1/2-1/2"]
[LiveChessVersion "1.4.8"]
[BlackElo "2519"]
[WhiteElo "2620"]

1. d4 {[%clk 1:30:54]} Nf6 {[%clk 1:30:49]} 2. c4 {[%clk 1:31:02]} e6
{[%clk 1:31:13]} 3. Nf3 {[%clk 1:31:10]} d5 {[%clk 1:31:34]} 4. Nc3
{[%clk 1:31:21]} Be7 {[%clk 1:31:43]} 5. Bg5 {[%clk 1:31:27]} O-O
{[%clk 1:26:38]} 6. Qc2 {[%clk 1:31:02]} Nbd7 {[%clk 1:24:08]} 7. e3
{[%clk 1:26:27]} c6 {[%clk 1:20:09]} 8. Bd3 {[%clk 1:18:25]} h6 {[%clk 1:06:54]}
9. Bxf6 {[%clk 1:12:21]} Nxf6 {[%clk 1:07:16]} 10. O-O {[%clk 1:09:52]} b6
{[%clk 0:54:41]} 11. cxd5 {[%clk 0:51:04]} cxd5 {[%clk 0:48:53]} 12. Rfc1
{[%clk 0:44:30]} a6 {[%clk 0:42:36]} 13. Qb3 {[%clk 0:40:04]} Bd6
{[%clk 0:35:47]} 14. Na4 {[%clk 0:36:07]} Bd7 {[%clk 0:34:32]} 15. h3
{[%clk 0:33:40]} Ne4 {[%clk 0:24:06]} 16. Bxe4 {[%clk 0:27:33]} dxe4
{[%clk 0:24:34]} 17. Ne5 {[%clk 0:27:44]} Bxe5 {[%clk 0:18:46]} 18. dxe5
{[%clk 0:27:57]} Bxa4 {[%clk 0:19:12]} 19. Qxa4 {[%clk 0:28:23]} Qd5
{[%clk 0:19:39]} 20. Qd4 {[%clk 0:27:41]} Qxd4 {[%clk 0:19:45]} 21. exd4
{[%clk 0:28:07]} Rfd8 {[%clk 0:20:12]} 22. Rc4 {[%clk 0:22:28]} b5
{[%clk 0:18:47]} 23. Rb4 {[%clk 0:22:45]} Rd5 {[%clk 0:18:21]} 24. Re1
{[%clk 0:17:52]} a5 {[%clk 0:16:22]} 25. Rb3 {[%clk 0:18:18]} Rxd4
{[%clk 0:14:54]} 26. Rxb5 {[%clk 0:18:43]} a4 {[%clk 0:15:16]} 27. Rc1
{[%clk 0:14:23]} Rad8 {[%clk 0:15:41]} 28. Rb7 {[%clk 0:13:07]} Rd1+
{[%clk 0:13:34]} 29. Rxd1 {[%clk 0:13:33]} Rxd1+ {[%clk 0:14:02]} 30. Kh2
{[%clk 0:14:00]} Rd2 {[%clk 0:14:24]} 31. Kg3 {[%clk 0:13:00]} a3
{[%clk 0:12:20]} 32. bxa3 {[%clk 0:13:24]} Rxa2 {[%clk 0:12:46]} 33. Rb3
{[%clk 0:12:12]} Kh7 {[%clk 0:11:05]} 34. Re3 {[%clk 0:12:33]} Kg6
{[%clk 0:11:17]} 35. Rxe4 {[%clk 0:12:53]} Rxa3+ {[%clk 0:11:43]} 36. f3
{[%clk 0:12:14]} h5 {[%clk 0:10:43]} 37. h4 {[%clk 0:11:31]} Ra5 {[%clk 0:10:12]}
1/2-1/2

[Event "World Chess Olympiad 2018"]
[Site "Batumi"]
[Date "2018.09.28"]
[Round "5"]
[Board "3"]
[WhiteFideId "3407128"]
[White "Salinas Herrera Pablo"]
[BlackFideId "12401820"]
[Black "Tran Tuan Minh"]
[Result "1/2-1/2"]
[LiveChessVersion "1.4.8"]
[BlackElo "2491"]
[WhiteElo "2486"]

1. d4 {[%clk 1:30:58]} Nf6 {[%clk 1:30:23]} 2. c4 {[%clk 1:31:23]} e6
{[%clk 1:30:46]} 3. Nc3 {[%clk 1:31:48]} Bb4 {[%clk 1:31:07]} 4. e3
{[%clk 1:32:02]} O-O {[%clk 1:31:17]} 5. Bd3 {[%clk 1:32:13]} c5 {[%clk 1:31:16]}
6. Nf3 {[%clk 1:32:37]} d5 {[%clk 1:30:53]} 7. O-O {[%clk 1:33:01]} cxd4
{[%clk 1:31:10]} 8. exd4 {[%clk 1:33:26]} dxc4 {[%clk 1:31:33]} 9. Bxc4
{[%clk 1:33:52]} b6 {[%clk 1:31:48]} 10. Bg5 {[%clk 1:31:28]} Bb7
{[%clk 1:32:06]} 11. Qe2 {[%clk 1:31:00]} Nbd7 {[%clk 1:32:08]} 12. Rac1
{[%clk 1:30:13]} h6 {[%clk 1:29:39]} 13. Bh4 {[%clk 1:29:02]} Rc8
{[%clk 1:29:35]} 14. Bb3 {[%clk 1:26:05]} Bxc3 {[%clk 1:26:47]} 15. bxc3
{[%clk 1:26:30]} Qc7 {[%clk 1:27:02]} 16. Nd2 {[%clk 1:26:46]} Nd5
{[%clk 1:19:22]} 17. Bxd5 {[%clk 1:10:56]} Bxd5 {[%clk 1:19:39]} 18. c4
{[%clk 1:11:04]} Bb7 {[%clk 1:19:42]} 19. f3 {[%clk 1:08:50]} Ba6
{[%clk 1:08:23]} 20. Rfe1 {[%clk 1:04:09]} Qf4 {[%clk 0:55:06]} 21. Qf2
{[%clk 1:02:42]} Rc6 {[%clk 0:50:07]} 22. Rc3 {[%clk 0:45:46]} Rfc8
{[%clk 0:46:59]} 23. Rec1 {[%clk 0:45:10]} h5 {[%clk 0:16:51]} 24. h3
{[%clk 0:41:26]} Qh6 {[%clk 0:13:57]} 25. R1c2 {[%clk 0:39:12]} Qg6
{[%clk 0:09:07]} 26. Qe3 {[%clk 0:38:11]} b5 {[%clk 0:06:59]} 27. d5
{[%clk 0:36:52]} exd5 {[%clk 0:07:19]} 28. cxd5 {[%clk 0:37:14]} Rxc3
{[%clk 0:07:35]} 29. Rxc3 {[%clk 0:37:40]} Qb6 {[%clk 0:04:55]} 30. Qxb6
{[%clk 0:36:32]} Nxb6 {[%clk 0:03:54]} 31. Ra3 {[%clk 0:36:54]} Rc1+
{[%clk 0:01:56]} 32. Kh2 {[%clk 0:36:36]} Rc2 {[%clk 0:00:44]} 33. Nf1
{[%clk 0:33:29]} Bc8 {[%clk 0:00:33]} 34. Ne3 {[%clk 0:29:35]} Rd2
{[%clk 0:00:45]} 35. Rxa7 {[%clk 0:23:58]} Nxd5 {[%clk 0:01:00]} 36. Nxd5
{[%clk 0:22:12]} 1/2-1/2

[Event "World Chess Olympiad 2018"]
[Site "Batumi"]
[Date "2018.09.28"]
[Round "5"]
[Board "4"]
[WhiteFideId "12404675"]
[White "Nguyen Anh Khoi"]
[BlackFideId "3401294"]
[Black "Valenzuela Fuentealba Luis"]
[Result "1/2-1/2"]
[LiveChessVersion "1.4.8"]
[BlackElo "2443"]
[WhiteElo "2463"]

1. d4 {[%clk 1:30:56]} Nf6 {[%clk 1:30:49]} 2. c4 {[%clk 1:31:18]} g6
{[%clk 1:30:59]} 3. Nc3 {[%clk 1:31:36]} d5 {[%clk 1:31:17]} 4. cxd5
{[%clk 1:31:59]} Nxd5 {[%clk 1:31:39]} 5. e4 {[%clk 1:32:21]} Nxc3
{[%clk 1:31:44]} 6. bxc3 {[%clk 1:32:44]} Bg7 {[%clk 1:32:03]} 7. Be3
{[%clk 1:33:01]} c5 {[%clk 1:31:21]} 8. Rc1 {[%clk 1:33:17]} O-O {[%clk 1:30:41]}
9. Nf3 {[%clk 1:33:28]} Bg4 {[%clk 1:28:33]} 10. Be2 {[%clk 1:33:14]} Qa5
{[%clk 1:26:52]} 11. O-O {[%clk 1:33:27]} Qxa2 {[%clk 1:25:53]} 12. Ra1
{[%clk 1:32:50]} Qe6 {[%clk 1:25:42]} 13. h3 {[%clk 1:27:02]} Bxf3
{[%clk 1:24:58]} 14. Bxf3 {[%clk 1:27:26]} Qd7 {[%clk 1:14:10]} 15. dxc5
{[%clk 1:09:28]} Qc7 {[%clk 1:10:16]} 16. Rb1 {[%clk 1:02:41]} Nd7
{[%clk 0:53:59]} 17. e5 {[%clk 0:50:44]} Nxc5 {[%clk 0:34:48]} 18. Rb5
{[%clk 0:41:44]} Ne6 {[%clk 0:35:02]} 19. Rxb7 {[%clk 0:26:57]} Qxe5
{[%clk 0:34:17]} 20. Rxe7 {[%clk 0:20:24]} Rad8 {[%clk 0:32:33]} 21. Qa4
{[%clk 0:18:33]} Qxc3 {[%clk 0:31:13]} 22. Rc1 {[%clk 0:18:14]} Qf6
{[%clk 0:25:36]} 23. Rxa7 {[%clk 0:18:07]} Nd4 {[%clk 0:24:58]} 24. Bd1
{[%clk 0:12:29]} Qe5 {[%clk 0:10:20]} 25. Ra5 {[%clk 0:09:49]} Rd5
{[%clk 0:10:17]} 26. Rxd5 {[%clk 0:09:57]} Qxd5 {[%clk 0:10:41]} 27. Bxd4
{[%clk 0:08:10]} Qxd4 {[%clk 0:09:26]} 28. Qxd4 {[%clk 0:08:33]} Bxd4
{[%clk 0:09:49]} 29. Bf3 {[%clk 0:08:00]} Rd8 {[%clk 0:09:37]} 30. Rd1
{[%clk 0:07:55]} Bb6 {[%clk 0:09:34]} 31. Rxd8+ {[%clk 0:08:19]} Bxd8
{[%clk 0:09:52]} 1/2-1/2